Countries by alcohol consumption per capita - Statistics

General Stats
  • This quiz has been taken 103 times
    102 since last reset
  • The average score is 19 of 28
Answer Stats
Country Litres per capita % Correct
Russia 11.7
97%
United Kingdom 11.4
94%
Germany 13.4
91%
France 12.6
90%
Czech Republic 14.4
87%
Poland 11.6
87%
Estonia 11.6
84%
Latvia 12.9
84%
Austria 11.6
83%
Belarus 11.2
83%
Lithuania 15
83%
Slovakia 11.5
83%
Ireland 13
80%
Serbia 11.1
80%
Romania 12.6
79%
Hungary 11.4
77%
Belgium 12.1
76%
Bulgaria 12.7
76%
Slovenia 12.6
73%
Switzerland 11.5
72%
Portugal 12.3
71%
Moldova 15.2
66%
Luxembourg 13
55%
Andorra 11.3
45%
Nigeria 13.4
19%
Seychelles 13.8
12%
Gabon 11.5
6%
Equatorial Guinea 11.3
3%
No matching quizzes found
Score Distribution
Percent of People with Each Score
Percentile by Number Answered
Your Score History
You have not taken this quiz since the last reset